Statistics for NBA by Year, 2000-2019

Click here to take the quiz!

General Stats

  • This quiz has been taken 94 times
  • The average score is 15 of 20

Answer Stats

YearClueAnswer% Correct
2019Kawhi Leonard carried this team for it's first ever NBA championshipToronto Raptors
100%
2017This Player just recorded a Triple-Double Season for the first time since Oscar RobertsonRussell Westbrook
100%
2018Lebron James signed with this team after losing the NBA Finals in the previous seasonLos Angeles Lakers
100%
2015The Golden State Warriors Era started when this coach led them to their first championship togetherSteve Kerr
98%
2016The Golden State Warriors just broke the All-time Season Win/Loss record who previously were owned by this team.Chicago Bulls
97%
2012The New Orleans Hornets were renamed to ________Pelicans
97%
2011This Superstar Became the Youngest Season MVP in HistoryDerrick Rose
93%
2008The Superteam term debuted when Kevin Garnett & Ray Allen signed with this team alongside Paul PierceBoston Celtics
90%
2006Kobe Bryant scored __ points against the Toronto Raptors81
87%
2003This Prodigy who is arguably one of the Greatest of all-time debuted for the CavsLebron James
85%
2013After 30 years, This NBA Commissioner retired.David Stern
84%
2002The game 6 of Western Conference Finals between the ____ and Lakers was known as one of the most Controversial game in NBA historySacramento Kings
72%
2004Pacers and Pistons Brawl was colloquially known as the _____Malice at the Palace
64%
2001An affliated minor league now known as the NBA G League is created, It's original name is _____National Basketball Development League
59%
2000The Shaq and Kobe Duo Started their 3peat after beating this team in the FinalsIndiana Pacers
57%
2014This NBA owner was banned in the NBA after making his racist remarks in the publicDonald Sterling
48%
2005The New Orleans Hornets Relocated in _____ Because of Hurricane KatrinaOklahoma City
46%
2009This man who coached the dream team died at the age of 78Chuck Daly
38%
2010The NBA All-Star Game that broke the record with the most attendance of 108,703 was held in this CityDallas
31%
2007The FBI investigated this referee over allegations of fixing the games he officiatedTim Donaghy
13%

Score Distribution

Percentile by Number Answered

Percent of People with Each Score

Your Score History

You have not taken this quiz